000 01019nmm a2200349 a 4500
003 AR-X00000XY
005 20251128211933.0
008 297020s2005 ||||||||||||||000 | spa||
020 _a987-574-051-9
040 _cAR-X00000XY
245 1 0 _aCiudades latinoamericanas
_bun análisis comparativo en el umbral del nuevo siglo
250 _a1ª ed.
260 _aBuenos Aires
_bPrometeo
_c2005
300 0 _a556 p.
504 _aContiene referencias bibliográficas
650 4 _aANALISIS COMPARATIVO
650 4 _aCONDICION SOCIOECONOMICA
650 4 _aDESARROLLO REGIONAL
650 4 _aDESARROLLO ECONOMICO Y SOCIAL
650 4 _aHISTORIA LATINOAMERICANA
650 4 _aLIBERALISMO
650 4 _aECONOMIA REGIONAL
650 4 _aSIGLO DIECINUEVE
650 4 _aSIGLO VEINTE
651 4 _aAmérica Latina
651 4 _aAmérica del Sur
700 1 _aPortes, Alejandro
_eeditor
700 1 _aRoberts, Bryan R.
_eeditor
700 1 _aGrimson, Alejandro
_eeditor
942 _cBK
998 _cNancy
999 _c21693
_d21693